[Event "CZE-ch U14 Girls"]
[Site "Teplice"]
[Date "2023.03.14"]
[Round "5"]
[White "Bouchalova, Kveta"]
[Black "Zilava, Lucie"]
[Result "0-1"]
[WhiteElo "1341"]
[BlackElo "1039"]
[PlyCount "38"]
[EventDate "2023.03.11"]
[EventType "swiss"]
[EventRounds "9"]
[EventCountry "CZE"]
[SourceTitle "CBM 213 Extra"]
[Source "ChessBase"]
[SourceDate "2023.05.31"]
[SourceVersion "1"]
[SourceVersionDate "2023.05.31"]
[SourceQuality "1"]

1. e4 e5 2. f4 exf4 3. Nf3 Nc6 4. Bc4 Bc5 5. Nc3 d6 6. d3 g5 7. d4 Bb6 8. Nd5 g4 9. Nxb6 axb6 10. 0-0 gxf3 11. Qxf3 Qf6 12. e5 dxe5 13. dxe5 Qxe5 14. Bxf4 Qd4+ 15. Kh1 Qxc4 16. b3 Qc5 17. Bg5 Be6 18. Rae1 Nge7 19. Qf6 0-0-0 0-1

[Event "CZE-chT U12"]
[Site "Jihlava"]
[Date "2022.06.11"]
[Round "5.3"]
[White "Bouchalova, Kveta"]
[Black "Honcharov, Makar"]
[Result "0-1"]
[WhiteElo "1288"]
[BlackElo "1264"]
[PlyCount "69"]
[EventDate "2022.06.10"]
[EventType "team-swiss"]
[EventRounds "9"]
[EventCountry "CZE"]
[SourceTitle "CBM 209 Extra"]
[Source "ChessBase"]
[SourceDate "2022.09.30"]
[SourceVersion "1"]
[SourceVersionDate "2022.09.30"]
[SourceQuality "1"]
[WhiteTeam "Grygov U12"]
[BlackTeam "Plzen 64 U12"]
[WhiteTeamCountry "CZE"]
[BlackTeamCountry "CZE"]

1. e4 e6 2. d4 d5 3. e5 c5 4. Nf3 cxd4 5. Nxd4 Nc6 6. Bb5 Qc7 7. 0-0 a6 8. Nxc6 bxc6 9. Ba4 Ne7 10. Re1 Ng6 11. Nc3 Bc5 12. Be3 Bxe3 13. Rxe3 0-0 14. Qh5 h6 15. Ree1 Rb8 16. Bb3 c5 17. Rab1 Bd7 18. Ba4 Bxa4 19. Nxa4 Rb4 20. Nc3 Rfb8 21. b3 c4 22. Qe2 cxb3 23. a3 R4b7 24. Qd2 bxc2 25. Rxb7 Rxb7 26. Qxc2 d4 27. Rc1 dxc3 28. Qe4 Rb2 29. Qa8+ Kh7 30. Qxa6 Qxe5 31. Qd3 f5 32. g3 Qc5 33. Rc2 Ne5 34. Qxc3 Rxc2 35. Qxc5 0-1

[Event "CZE-chT U12"]
[Site "Jihlava"]
[Date "2022.06.11"]
[Round "3.3"]
[White "Rotter, Dominik"]
[Black "Bouchalova, Kveta"]
[Result "1-0"]
[WhiteElo "1192"]
[BlackElo "1288"]
[PlyCount "155"]
[EventDate "2022.06.10"]
[EventType "team-swiss"]
[EventRounds "9"]
[EventCountry "CZE"]
[SourceTitle "CBM 209 Extra"]
[Source "ChessBase"]
[SourceDate "2022.09.30"]
[SourceVersion "1"]
[SourceVersionDate "2022.09.30"]
[SourceQuality "1"]
[WhiteTeam "Trinec U12"]
[BlackTeam "Grygov U12"]
[WhiteTeamCountry "CZE"]
[BlackTeamCountry "CZE"]

1. e4 e5 2. Nf3 Nc6 3. Bc4 Nf6 4. d3 Bc5 5. Nc3 0-0 6. Bg5 h6 7. Bh4 Be7 8. 0-0 d6 9. h3 Be6 10. Bb3 Bxb3 11. axb3 Nh5 12. Bxe7 Qxe7 13. Nd5 Qd7 14. Nxe5 Nxe5 15. Qxh5 c6 16. Nc3 Qe6 17. f4 Qg6 18. Qxg6 Nxg6 19. f5 Ne5 20. f6 a6 21. fxg7 Kxg7 22. Rae1 Rg8 23. Rf2 Kf8 24. Ref1 Ke7 25. d4 Nd7 26. Rxf7+ Ke8 27. Rh7 Rf8 28. Rxf8+ Nxf8 29. Rxh6 Ke7 30. Rh8 Kf7 31. g4 Re8 32. Rh5 Re6 33. Rf5+ Kg7 34. g5 Nh7 35. h4 Kg6 36. Kg2 d5 37. exd5 Kxf5 38. dxe6 Kxe6 39. Kg3 Kf5 40. Kf3 Nf8 41. Ne4 b5 42. c4 Ne6 43. d5 cxd5 44. cxd5 Nd4+ 45. Ke3 Nxb3 46. d6 Na5 47. d7 Nc6 48. Nf6 Kg6 49. Ke4 Kf7 50. Kd5 Nd8 51. h5 Kg7 52. h6+ Kf7 53. Kc5 Kg6 54. h7 Kg7 55. g6 Ne6+ 56. Kb6 Nd8 57. Kxa6 Ne6 58. Kxb5 Nd4+ 59. Kc4 Ne6 60. b4 Nd8 61. b5 Kh8 62. b6 Kg7 63. Kc5 Ne6+ 64. Kd6 Nd8 65. Kc7 Ne6+ 66. Kc8 Kxg6 67. h8Q Kf7 68. Qg8+ Kxf6 69. Qxe6+ Kxe6 70. d8Q Kf7 71. Qd6 Ke8 72. Qe6+ Kf8 73. Kd8 Kg7 74. Kd7 Kf8 75. Qe7+ Kg8 76. Ke6 Kh8 77. Kf6 Kg8 78. Qg7# 1-0

[Event "CZE-ch U10 Girls"]
[Site "Kouty nad Desnou"]
[Date "2020.03.11"]
[Round "6"]
[White "Bouchalova, Kveta"]
[Black "Kubatova, Beta"]
[Result "1/2-1/2"]
[WhiteElo "1235"]
[BlackElo "1094"]
[PlyCount "99"]
[EventDate "2020.03.07"]
[EventType "swiss"]
[EventRounds "7"]
[EventCountry "CZE"]
[SourceTitle "CBM 195 Extra"]
[Source "ChessBase"]
[SourceDate "2020.05.31"]
[SourceVersion "1"]
[SourceVersionDate "2020.05.31"]
[SourceQuality "1"]

1. e4 c5 2. Nf3 Nc6 3. d4 cxd4 4. Nxd4 g6 5. Nc3 Bg7 6. Be3 Nf6 7. Bc4 0-0 8. Bb3 a5 9. a4 d6 10. f3 Qb6 11. Qd2 Nxe4 12. Nxc6 Nxd2 13. Bxb6 Nxb3 14. Nxe7+ Kh8 15. cxb3 Bxc3+ 16. bxc3 Re8 17. 0-0-0 Rxe7 18. Rxd6 Bf5 19. Rhd1 h5 20. Bc5 Rc7 21. Rd8+ Rxd8 22. Rxd8+ Kh7 23. Bd4 Kh6 24. Kd2 Be6 25. Bb6 Rc6 26. Bxa5 b6 27. Bb4 Bxb3 28. a5 bxa5 29. Bxa5 Ra6 30. Bc7 Ra2+ 31. Ke3 Rxg2 32. Kf4 Rxh2 33. Ke5 Rf2 34. f4 g5 35. Kf6 Kh7 36. Kxg5 Rg2+ 37. Kxh5 Rg8 38. Rxg8 Kxg8 39. Kg5 Kf8 40. f5 Ke7 41. f6+ Kd7 42. Ba5 Kc6 43. Kf4 Kb5 44. Bb4 Kc4 45. Ke5 Kd3 46. Kd6 Bc4 47. Kc5 Be6 48. Ba5 Ba2 49. Kb4 Bd5 50. Kc5 1/2-1/2